000 00465nam a2200181Ia 4500
001 19669
005 20260306172710.0
008 260306t2018||||xx |||||||||||||| ||spa||
041 _aESP
082 _a341
_bA87
100 _aAtienza, Manuel
_eAUT
245 0 _aIdeas para una filosofía del derecho:
_buna propuesta para el mundo latino
260 _c2018
300 _a331 páginas :
_c22 cm.
650 _aGEN
654 _aCDE
942 _cLIB
_dJUS
_fJUS
_2ddc
_n
999 _c19669
_d19669